Жизнь двенадцати Цезарей: пер. с лат.

Bibliografiset tiedot
Päätekijä: Светоний Гай Транквилл
Yhteisötekijä: Российская академия наук (РАН)
Muut tekijät: Гаспаров М. Л. Михаил Леонидович (составитель), Штаерман Е. М.
Kieli:venäjä
Julkaistu: Москва, Наука, 1993
Sarja:Литературные памятники
Aiheet:
Aineistotyyppi: Kirja
KOHA link:https://koha.lib.tpu.ru/cgi-bin/koha/opac-detail.pl?biblionumber=326735

MARC

LEADER 00000nam0a2200000 4500
001 326735
005 20241025114925.0
010 |a 5020127922 
035 |a (RuTPU)RU\TPU\book\352395 
090 |a 326735 
100 |a 20170113d1993 m y0rusy50 ca 
101 1 |a rus  |c lat 
102 |a RU 
105 |a a z 001zd 
200 1 |a Жизнь двенадцати Цезарей  |e пер. с лат.  |f Светоний Гай Транквилл  |g Российская академия наук (РАН) ; сост. М. Л. Гаспаров , Е. М. Штаерман 
210 |a Москва  |c Наука  |d 1993 
215 |a 368 с.  |c ил. 
225 1 |a Литературные памятники 
320 |a Библиогр. в примеч.: с. 273-335 
320 |a Указатель имен: с. 347-364 
320 |a Список иллюстраций: с. 365 
600 0 |a Тиберий  |c римский император из династии Юлиев-Клавдиев в 14-37  |c полное имя Тиберий Клавдий Нерон, Тиберий Юлий Цезарь, Тиберий Цезарь Август  |f 42 до н.э.-37  |7 ca  |8 rus  |2 stltpush  |3 (RuTPU)RU\TPU\pers\1678  |9 708 
600 0 |a Калигула  |f 12-41  |c римский император из династии Юлиев-Клавдиев в 37-41  |c полное имя Гай Цезарь Германик Калигула  |2 stltpush  |3 (RuTPU)RU\TPU\pers\4313 
600 0 |a Цезарь Гай Юлий  |c римский диктатор, император в 49-44 др н.э.  |c родоначальник Юлиев-Клавдиев  |f 102/100-44 до н. э.  |7 ca  |8 rus  |2 stltpush  |3 (RuTPU)RU\TPU\pers\778  |9 352 
600 0 |a Клавдий  |c римский император из династии Юлиев-Клавдиев в 41-54  |c полное имя Тиберий Клавдий Друз Германик (Тиберий Клавдий Цезарь Август Германик)  |f 10 до н.э.-54  |7 ca  |8 rus  |2 stltpush  |3 (RuTPU)RU\TPU\pers\4320  |9 933 
600 0 |a Нерон  |c римский император из династии Юлиев-Клавдиев в 54-68  |f 37-68  |c полное имя Нерон Клавдий Цезарь  |2 stltpush  |3 (RuTPU)RU\TPU\pers\527 
606 1 |a Деятели общественные и государственные в Античном Риме  |x Персоналии  |2 stltpush  |3 (RuTPU)RU\TPU\subj\58960  |9 76638 
610 1 |a Древний Рим 
610 1 |a правители 
610 1 |a государственные деятели 
610 1 |a политические деятели 
610 1 |a полководцы 
610 1 |a персоналии 
686 |a Т3(0)323-8  |v LBC/SL-A  |2 rubbk 
700 0 |a Светоний Гай Транквилл  |c римский историк и писатель  |f около 70 - около 140  |2 stltpush  |3 (RuTPU)RU\TPU\pers\37550  |9 20419 
702 1 |a Гаспаров  |b М. Л.  |g Михаил Леонидович  |4 220 
702 1 |a Штаерман  |b Е. М.  |4 220 
712 0 2 |a Российская академия наук (РАН)  |c (1917-1925, 1991- )  |2 stltpush  |3 (RuTPU)RU\TPU\col\51 
801 1 |a RU  |b 63413507  |c 20170113 
801 2 |a RU  |b 63413507  |c 20230407  |g RCR 
942 |c BK